000 00613nam a22001937a 4500
005 20100726144257.0
010 _aENG-97102
020 _a8190237212
_c250.00
035 _aEN-80635
037 _bDBAD/PUB
082 _a530
100 _aRanga, N.D
_91511
245 _aPhysics vocubulary made easy /
_cby N.D Ranga
260 _aBikaner
_bHindi Pustak Sadan
_c2008
270 _aJoshiwada,cotegate
_bBikaner
300 _a159p.
_c23 cm(Hb)
942 _2ddc
_cEN
_h530
_mRAN
999 _c37744
_d37744